[Event "European Blitz 2016"]
[Site "Tallinn EST"]
[Date "2016.12.17"]
[Round "1.1"]
[White "Mamedov, Rauf"]
[Black "Zaksaite, Salomeja"]
[Result "1-0"]
[WhiteTitle "GM"]
[BlackTitle "WIM"]
[WhiteElo "2688"]
[BlackElo "2274"]
[WhiteFideId "13401653"]
[BlackFideId "12801496"]
[EventDate "2016.12.17"]

1. e4 c5 2. Nf3 e6 3. c3 Nf6 4. e5 Nd5 5. d4 cxd4 6. cxd4 d6 7. Bc4 Be7 8. O-O
O-O 9. Qe2 Nc6 10. Rd1 Na5 11. Bxd5 exd5 12. Nc3 Be6 13. Bf4 a6 14. h3 Rc8 15.
Rac1 Nc4 16. b3 Na5 17. Na4 b5 18. exd6 Rxc1 19. Rxc1 Bxd6 20. Bxd6 Qxd6 21. Nc5
Re8 22. Qd2 Nc6 23. Qc3 Nb8 24. Ne5 f6 25. Ned3 Bf7 26. Qa5 h5 27. Qd2 Bg6 28.
Nb4 Bf7 29. Nc2 Rc8 30. Ne3 Nd7 31. Nf5 1-0

[Event "European Blitz 2016"]
[Site "Tallinn EST"]
[Date "2016.12.17"]
[Round "1.2"]
[White "Badelka, Olga"]
[Black "Navara, David"]
[Result "0-1"]
[BlackTitle "GM"]
[WhiteElo "2218"]
[BlackElo "2725"]
[WhiteFideId "13509926"]
[BlackFideId "309095"]
[EventDate "2016.12.17"]

1. c4 e5 2. g3 c6 3. d4 e4 4. d5 Nf6 5. Nc3 Bb4 6. Bd2 O-O 7. e3 Na6 8. a3 Bxc3
9. Bxc3 cxd5 10. cxd5 d6 11. Ne2 Nc5 12. Nf4 Bg4 13. Be2 Bxe2 14. Qxe2 g5 15.
Nh5 Nxd5 16. Bd4 Nd3+ 17. Kf1 f5 18. h4 g4 19. Qc2 Qe8 20. Nf4 N5xf4 21. gxf4
Rc8 22. Qb3+ Qf7 23. Qb5 Rc2 24. Rh2 Rfc8 25. Kg1 Rc1+ 26. Rxc1 Rxc1+ 27. Kg2
Ne1+ 28. Kg3 Nf3 29. Rg2 Rh1 0-1

[Event "European Blitz 2016"]
[Site "Tallinn EST"]
[Date "2016.12.17"]
[Round "1.3"]
[White "Ponomariov, Ruslan"]
[Black "Mierins, Eriks"]
[Result "1-0"]
[WhiteTitle "GM"]
[WhiteElo "2709"]
[BlackElo "2150"]
[WhiteFideId "14103320"]
[BlackFideId "11603178"]
[EventDate "2016.12.17"]

1. e4 e5 2. Nf3 Nc6 3. Bc4 Bc5 4. d3 d6 5. c3 Nf6 6. a4 a5 7. Bg5 h6 8. Bh4 g5
9. Bg3 Bg4 10. h3 Bh5 11. Nbd2 Qd7 12. Qc2 O-O-O 13. Bb5 Kb8 14. d4 exd4 15.
cxd4 Bxf3 16. Nxf3 Bb4+ 17. Kf1 Qe7 18. e5 Nd5 19. Bxc6 bxc6 20. Qxc6 Nf4 21.
Kg1 h5 22. Bxf4 gxf4 23. Kh2 Rhg8 24. Rac1 Qd7 25. Qa6 Qxa4 26. Rxc7 Kxc7 27.
Qa7+ Kc6 28. Rc1+ Kd5 29. Qxf7+ Ke4 30. Qh7+ Kd5 31. Qb7+ Ke6 32. d5+ Kf5 33.
Qh7+ Rg6 34. Qxh5+ Ke4 35. Qxg6+ Kxd5 36. e6 Qe8 37. Qf5# 1-0

[Event "European Blitz 2016"]
[Site "Tallinn EST"]
[Date "2016.12.17"]
[Round "1.4"]
[White "Shipulin, Denis"]
[Black "Bortnyk, Olexandr"]
[Result "0-1"]
[BlackTitle "GM"]
[WhiteElo "1995"]
[BlackElo "2581"]
[WhiteFideId "24120626"]
[BlackFideId "14120828"]
[EventDate "2016.12.17"]

1. g3 Nf6 2. Bg2 g6 3. d3 Bg7 4. Nd2 O-O 5. e4 d6 6. Ne2 c5 7. h3 Nc6 8. O-O Bd7
9. Kh2 Rc8 10. f4 b5 11. g4 Bxg4 12. Qe1 Bh5 13. c3 e5 14. Nf3 c4 15. Ng3 cxd3
16. f5 Bxf3 17. Rxf3 d5 18. Rxd3 d4 19. Bg5 Qd6 20. Rad1 Nd7 21. Qf2 Nc5 22.
R3d2 f6 23. cxd4 exd4 24. Bf4 Qe7 25. Kh1 g5 26. Nh5 gxf4 27. Qxf4 Kh8 28. Bf3
Qe5 29. Qh4 Bh6 30. Rg2 Bg5 31. Qf2 Nxe4 0-1

[Event "European Blitz 2016"]
[Site "Tallinn EST"]
[Date "2016.12.17"]
[Round "1.5"]
[White "Onischuk, Vladimir"]
[Black "Kolesnikovs, Ivans"]
[Result "1-0"]
[WhiteTitle "GM"]
[WhiteElo "2601"]
[BlackElo "2012"]
[WhiteFideId "14114038"]
[BlackFideId "11602244"]
[EventDate "2016.12.17"]

1. e4 c5 2. Nf3 d6 3. d4 cxd4 4. Nxd4 Nf6 5. Nc3 a6 6. a4 e6 7. g3 Be7 8. Bg2
O-O 9. O-O Bd7 10. h3 Nc6 11. Nb3 Re8 12. g4 h6 13. f4 e5 14. f5 Nb4 15. Be3 Bc6
16. Qe2 d5 17. exd5 Nbxd5 18. Nxd5 Bxd5 19. Rad1 Rc8 20. Bxd5 Nxd5 21. c4 1-0

[Event "European Blitz 2016"]
[Site "Tallinn EST"]
[Date "2016.12.17"]
[Round "1.6"]
[White "Polyakov, Fedor"]
[Black "Andriasian, Zaven"]
[Result "0-1"]
[BlackTitle "GM"]
[WhiteElo "2042"]
[BlackElo "2621"]
[WhiteFideId "11602953"]
[BlackFideId "13302000"]
[EventDate "2016.12.17"]

1. d4 Nf6 2. c4 c5 3. d5 b5 4. cxb5 a6 5. b6 d6 6. Nc3 Nbd7 7. e4 g6 8. f4 Bg7
9. Nf3 O-O 10. Be2 Nxb6 11. O-O a5 12. Nd2 a4 13. Nc4 Ba6 14. Nxb6 Qxb6 15. Re1
a3 16. Rb1 Nd7 17. bxa3 Qa5 18. Bxa6 Bxc3 0-1

[Event "European Blitz 2016"]
[Site "Tallinn EST"]
[Date "2016.12.17"]
[Round "1.7"]
[White "Andreikin, Dmitry"]
[Black "Lumiste, Rene"]
[Result "1-0"]
[WhiteTitle "GM"]
[WhiteElo "2737"]
[BlackElo "2055"]
[WhiteFideId "4158814"]
[BlackFideId "4503295"]
[EventDate "2016.12.17"]

1. d4 Nf6 2. c4 c5 3. Nf3 cxd4 4. Nxd4 Nc6 5. Nc3 g6 6. e4 Bg7 7. Be3 d6 8. Be2
O-O 9. O-O Nxd4 10. Bxd4 b6 11. Qd2 Bb7 12. f3 Rc8 13. Kh1 Nd7 14. Bxg7 Kxg7 15.
b3 Nf6 16. Rad1 Qc7 17. Nb5 Qb8 18. Qb2 Kg8 19. Nxd6 Rcd8 20. Nb5 Rxd1 21. Rxd1
a6 22. Nc3 Rd8 23. Nd5 Bxd5 24. cxd5 a5 25. Bb5 Nd7 26. Qd4 Qd6 27. Bxd7 Rxd7
28. e5 Qc5 29. Qxc5 bxc5 30. Kg1 a4 31. Kf2 Rb7 32. d6 exd6 33. exd6 Rd7 34.
bxa4 1-0

[Event "European Blitz 2016"]
[Site "Tallinn EST"]
[Date "2016.12.17"]
[Round "1.8"]
[White "Yugina, Maria"]
[Black "Zhigalko, Sergei"]
[Result "0-1"]
[BlackTitle "GM"]
[WhiteElo "2050"]
[BlackElo "2671"]
[WhiteFideId "4192192"]
[BlackFideId "13502956"]
[EventDate "2016.12.17"]

1. d4 Nf6 2. Nf3 e6 3. c4 b6 4. a3 Ba6 5. Qc2 Bb7 6. Nc3 c5 7. e3 Be7 8. Be2
cxd4 9. exd4 O-O 10. O-O d5 11. b3 Nc6 12. Rd1 Rc8 13. h3 Na5 14. Qa2 a6 15. Bf4
dxc4 16. b4 Nb3 17. Bxc4 Nxa1 18. Rxa1 Bxf3 19. gxf3 b5 0-1

[Event "European Blitz 2016"]
[Site "Tallinn EST"]
[Date "2016.12.17"]
[Round "1.10"]
[White "Lupik, Marina"]
[Black "Vitiugov, Nikita"]
[Result "0-1"]
[WhiteTitle "WIM"]
[BlackTitle "GM"]
[WhiteElo "2190"]
[BlackElo "2726"]
[WhiteFideId "4177495"]
[BlackFideId "4152956"]
[EventDate "2016.12.17"]

1. e4 c5 2. c3 d6 3. d4 Qc7 4. Be3 Nf6 5. Bd3 g6 6. Nf3 Bg7 7. Nbd2 O-O 8. O-O
b6 9. h3 Bb7 10. Qe2 Nbd7 11. d5 Rfe8 12. Ne1 e6 13. dxe6 Rxe6 14. f3 d5 15. Bg5
Nh5 16. Bh4 Nf4 17. Qf2 Rf8 18. exd5 Bxd5 19. Be4 Nf6 20. Bxd5 N6xd5 21. Ne4 f5
22. Ng5 Re2 23. Qg3 Be5 24. c4 Nh5 25. Ne6 Bxg3 26. Nxc7 Nxc7 0-1

[Event "European Blitz 2016"]
[Site "Tallinn EST"]
[Date "2016.12.17"]
[Round "1.12"]
[White "Orehek, Spela"]
[Black "Matlakov, Maxim"]
[Result "1-0"]
[WhiteTitle "WFM"]
[BlackTitle "GM"]
[WhiteElo "2092"]
[BlackElo "2694"]
[WhiteFideId "14605872"]
[BlackFideId "4168003"]
[EventDate "2016.12.17"]

1. e4 c6 2. d4 d5 3. exd5 cxd5 4. c4 Nf6 5. Nc3 g6 6. Nf3 Bg7 7. Be2 O-O 8. O-O
Nc6 9. h3 dxc4 10. Bxc4 b6 11. Be3 Bb7 12. Qd2 Rc8 13. Be2 Nb4 14. Rac1 Nbd5 15.
Bh6 Nxc3 16. bxc3 Ne4 17. Qe3 Rxc3 18. Rxc3 Nxc3 19. Bc4 Nd5 20. Qd2 Qd6 21.
Bxg7 Kxg7 22. Re1 e6 23. Ne5 Nf6 24. Qf4 Rd8 25. Rd1 Bd5 26. Bxd5 Qxd5 27. a3
Qe4 28. Qxe4 Nxe4 29. Nc6 Rd7 30. f3 Nc3 31. Rd3 Nd5 32. Kf2 Rc7 33. Ne5 f6 34.
Ng4 Rc2+ 35. Kg3 Rxg2+ 1-0

[Event "European Blitz 2016"]
[Site "Tallinn EST"]
[Date "2016.12.17"]
[Round "1.13"]
[White "Kovalenko, Igor"]
[Black "Tominga, Eke"]
[Result "1-0"]
[WhiteTitle "GM"]
[WhiteElo "2684"]
[BlackElo "2079"]
[WhiteFideId "14117908"]
[BlackFideId "4503570"]
[EventDate "2016.12.17"]

1. e4 e5 2. Nf3 Nc6 3. Bc4 Nf6 4. d3 Be7 5. O-O d6 6. c3 O-O 7. Nbd2 Be6 8. Bb5
a6 9. Ba4 b5 10. Bc2 Re8 11. Re1 Bf8 12. h3 Ne7 13. d4 Ng6 14. Ng5 Bd7 15. Nf1
h6 16. Nf3 c6 17. Ng3 Qc7 18. a4 Rad8 19. axb5 axb5 20. Bd2 Be6 21. Qc1 Ra8 22.
b4 Rxa1 23. Qxa1 Qb7 24. Qb2 Ra8 25. Bb1 Bc4 26. Be3 Qa6 27. Nd2 Be6 28. Qc2 Qa3
29. Kh2 Nf4 30. Bxf4 exf4 31. Ne2 g5 32. Nf3 Bg7 33. e5 dxe5 34. Nxe5 Bd5 35.
Ng1 Qa1 36. Ngf3 Ra3 37. Rc1 Be4 38. Qd1 Bxb1 39. Rxb1 Qxc3 40. Rc1 Qxb4 41.
Rxc6 Nd5 42. Rc8+ Kh7 43. Qc2+ 1-0

[Event "European Blitz 2016"]
[Site "Tallinn EST"]
[Date "2016.12.17"]
[Round "1.14"]
[White "Tenis, Girts"]
[Black "Wojtaszek, Radoslaw"]
[Result "0-1"]
[BlackTitle "GM"]
[WhiteElo "2031"]
[BlackElo "2749"]
[WhiteFideId "11601566"]
[BlackFideId "1118358"]
[EventDate "2016.12.17"]

1. Nf3 c5 2. g3 Nc6 3. Bg2 g6 4. O-O Bg7 5. c4 d6 6. Nc3 Bf5 7. d3 Qd7 8. Nd5
Nf6 9. Ng5 h6 10. e4 Bg4 11. f3 hxg5 12. fxg4 Nxd5 13. exd5 Bd4+ 14. Kh1 Ne5 15.
Bf3 f6 16. Qe2 O-O-O 17. Be3 Bxe3 18. Qxe3 Rh7 19. Rf2 Rdh8 20. Rc1 Nxg4 21.
Bxg4 Qxg4 22. Qe6+ Qxe6 23. dxe6 f5 24. Rd1 Rf8 25. d4 cxd4 26. Rxd4 Rf6 27. Re2
f4 28. g4 Rh4 29. c5 dxc5 30. Rd7 Rxe6 31. Rxe7 Rxe2 32. Rxe2 Rxg4 33. Rf2 Kd7
34. h3 Rg3 35. Kh2 Ke6 36. Rc2 b6 37. b4 cxb4 38. Rc6+ Kf5 39. Rc7 Ra3 40. Rf7+
Ke5 0-1

[Event "European Blitz 2016"]
[Site "Tallinn EST"]
[Date "2016.12.17"]
[Round "1.16"]
[White "Kopsa, Petri"]
[Black "Alekseev, Evgeny"]
[Result "0-1"]
[BlackTitle "GM"]
[WhiteElo "2029"]
[BlackElo "2632"]
[WhiteFideId "1706594"]
[BlackFideId "4138147"]
[EventDate "2016.12.17"]

1. d4 Nf6 2. g3 c5 3. d5 e6 4. c4 exd5 5. cxd5 d6 6. Bg2 g6 7. Nf3 Bg7 8. O-O
O-O 9. Nc3 Nbd7 10. a4 Ng4 11. Nd2 f5 12. Qc2 Nde5 13. Rb1 Bd7 14. b4 cxb4 15.
Rxb4 b6 16. Nb5 Qe7 17. Qb3 Rfc8 18. f4 Nf7 19. Bf3 Ne3 20. Rf2 Rxc1+ 0-1

[Event "European Blitz 2016"]
[Site "Tallinn EST"]
[Date "2016.12.17"]
[Round "1.17"]
[White "Movsesian, Sergei"]
[Black "Eriksson, Tom"]
[Result "1-0"]
[WhiteTitle "GM"]
[WhiteElo "2673"]
[BlackElo "1994"]
[WhiteFideId "310204"]
[BlackFideId "503886"]
[EventDate "2016.12.17"]

1. e4 c5 2. Nf3 Nc6 3. Nc3 d6 4. Bb5 Bd7 5. Bxc6 Bxc6 6. d4 cxd4 7. Qxd4 Nf6 8.
Bg5 e6 9. O-O-O h6 10. Bh4 g5 11. Bg3 e5 12. Qc4 Qb6 13. Bxe5 dxe5 14. Nxe5 Rh7
15. Nd5 Nxd5 16. exd5 Bb5 17. Qe4 f5 18. Qxf5 Re7 19. d6 Rxe5 20. Qxe5+ Kd7 21.
Qf5+ Kc6 22. d7 Bd6 23. Rxd6+ Kxd6 24. Rd1+ Kc6 25. Qd5+ Kc7 26. Qe5+ 1-0

[Event "European Blitz 2016"]
[Site "Tallinn EST"]
[Date "2016.12.17"]
[Round "1.18"]
[White "Olde, Margareth"]
[Black "Ponkratov, Pavel"]
[Result "0-1"]
[WhiteTitle "WFM"]
[BlackTitle "GM"]
[WhiteElo "2111"]
[BlackElo "2607"]
[WhiteFideId "4503082"]
[BlackFideId "4157800"]
[EventDate "2016.12.17"]

1. c4 Nf6 2. g3 c6 3. Bg2 d5 4. Nf3 dxc4 5. Qc2 Qd5 6. O-O Bf5 7. Qd1 Bg4 8. a4
Na6 9. Na3 e6 10. h3 Bh5 11. Qc2 Bxa3 12. Rxa3 Bg6 13. Qd1 O-O 14. Nh4 Be4 15.
f3 Bg6 16. Nxg6 hxg6 17. f4 Qc5+ 18. Kh2 Nb4 19. Rc3 Nfd5 20. Ra3 Rad8 21. e4
Nf6 22. Qe2 b5 23. axb5 cxb5 24. e5 Nfd5 25. b3 c3 26. dxc3 Nxc3 27. Qf3 Nd3 28.
Bb2 0-1

[Event "European Blitz 2016"]
[Site "Tallinn EST"]
[Date "2016.12.17"]
[Round "1.19"]
[White "Munoz, Miguel"]
[Black "Obolonin, Filipp"]
[Result "1-0"]
[WhiteTitle "GM"]
[WhiteElo "2473"]
[BlackElo "1811"]
[WhiteFideId "3800229"]
[BlackFideId "4505549"]
[EventDate "2016.12.17"]

1. e4 c5 2. g3 Nc6 3. Bg2 e5 4. Ne2 d6 5. c3 f5 6. exf5 Bxf5 7. d4 Bxb1 8. Rxb1
exd4 9. cxd4 Nf6 10. O-O Be7 11. Bg5 O-O 12. Qb3+ Kh8 13. Qxb7 Nxd4 14. Nxd4
cxd4 15. Qxa8 Qxa8 16. Bxa8 Rxa8 17. Rfe1 Bd8 18. Rbd1 Bb6 19. Re6 Ng4 20. h3
Ne5 21. Kg2 Nc4 22. b3 Ne5 23. Rxd6 h6 24. Bf4 Nf7 25. Rd7 Nd8 26. b4 Nc6 27. a3
Re8 28. Rd2 g5 29. Bc7 Ne5 30. Bxb6 Nxd7 31. Bxd4+ Kh7 32. Bxa7 Nf6 33. b5 Re4
34. b6 1-0

[Event "European Blitz 2016"]
[Site "Tallinn EST"]
[Date "2016.12.17"]
[Round "1.20"]
[White "Gorodetzky, Matan"]
[Black "Kozul, Zdenko"]
[Result "0-1"]
[BlackTitle "GM"]
[WhiteElo "1995"]
[BlackElo "2613"]
[WhiteFideId "2813394"]
[BlackFideId "14502879"]
[EventDate "2016.12.17"]

1. e4 c5 2. c3 Nf6 3. e5 Nd5 4. d4 cxd4 5. cxd4 e6 6. Nf3 b6 7. Bc4 Ba6 8. Bxa6
Nxa6 9. O-O Rc8 10. Bd2 Nac7 11. Nc3 Nxc3 12. bxc3 Nd5 13. Qb3 h6 14. Rfc1 Ne7
15. c4 Nf5 16. g4 Nh4 17. Nxh4 Qxh4 18. Qg3 Qxg3+ 19. hxg3 Ba3 20. Rc2 O-O 21.
Rb1 Rc7 22. Rb3 Be7 23. Bb4 Bxb4 24. Rxb4 Rfc8 25. Ra4 Kf8 26. Kf1 b5 27. Rb4
bxc4 28. Rc3 Ke7 29. Ke2 f6 30. f4 d6 31. exf6+ Kxf6 32. Ke3 d5 33. Rc1 Rc6 34.
Rcb1 Ra6 35. R1b2 Ra3+ 36. Kf2 Rd3 0-1

[Event "European Blitz 2016"]
[Site "Tallinn EST"]
[Date "2016.12.17"]
[Round "1.21"]
[White "Vallejo Pons, Francisco"]
[Black "Narmontas, Raimondas"]
[Result "1-0"]
[WhiteTitle "GM"]
[WhiteElo "2711"]
[BlackElo "2001"]
[WhiteFideId "2205530"]
[BlackFideId "12801135"]
[EventDate "2016.12.17"]

1. e4 c5 2. Ne2 e6 3. d4 cxd4 4. Nxd4 Nf6 5. Nc3 Qb6 6. Nb3 Bb4 7. Bd3 d5 8.
exd5 Nxd5 9. Bd2 Nxc3 10. bxc3 Bd6 11. c4 Nd7 12. Qg4 O-O 13. O-O f5 14. Qh4 e5
15. Be3 Qc7 16. c5 Nxc5 17. Bxc5 Bxc5 18. Qc4+ Qf7 19. Qxc5 Be6 20. Qxe5 1-0

[Event "European Blitz 2016"]
[Site "Tallinn EST"]
[Date "2016.12.17"]
[Round "1.22"]
[White "Boytsov, Alexander"]
[Black "Cvitan, Ognjen"]
[Result "0-1"]
[BlackTitle "GM"]
[WhiteElo "1931"]
[BlackElo "2491"]
[WhiteFideId "24177113"]
[BlackFideId "14500086"]
[EventDate "2016.12.17"]

1. Nf3 Nf6 2. g3 g6 3. Bg2 Bg7 4. c4 d5 5. cxd5 Nxd5 6. O-O Nc6 7. Nc3 O-O 8.
Nxd5 Qxd5 9. d3 a5 10. Nd2 Qh5 11. Re1 a4 12. Rb1 Bh3 13. Bf3 Bg4 14. Kg2 Rfd8
15. Bxg4 Qxg4 16. h3 Qe6 17. b3 axb3 18. Qxb3 Qxb3 19. axb3 Ra2 20. Nc4 b5 21.
Ne3 Nd4 22. Kf1 b4 23. Rb2 Rda8 24. Rxa2 Rxa2 25. Nc4 Nxb3 26. Bf4 c5 27. Rb1
Nd4 28. Be3 Ne6 29. h4 h5 30. Ke1 Bd4 31. Bd2 f5 32. e3 Bf6 33. d4 cxd4 34. Bxb4
dxe3 35. Nxe3 f4 36. gxf4 Nxf4 37. Kf1 Bxh4 38. Be1 Nd3 39. Ng2 Bf6 40. Bb4 h4
41. Be1 Bd4 42. Ne3 h3 43. Kg1 Bxe3 44. fxe3 Re2 45. Bg3 g5 46. Rb3 Rxe3 47. Bf2
h2+ 48. Kxh2 Nxf2 49. Rxe3 Ng4+ 50. Kg3 Nxe3 0-1

[Event "European Blitz 2016"]
[Site "Tallinn EST"]
[Date "2016.12.17"]
[Round "1.23"]
[White "Naiditsch, Arkadij"]
[Black "Valantiejus, Vaidotas"]
[Result "1-0"]
[WhiteTitle "GM"]
[WhiteElo "2687"]
[BlackElo "2174"]
[WhiteFideId "4650891"]
[BlackFideId "12807370"]
[EventDate "2016.12.17"]

1. e4 c5 2. Nf3 d6 3. Nc3 Nf6 4. d4 cxd4 5. Qxd4 Nc6 6. Bb5 Bd7 7. Bxc6 Bxc6 8.
Bg5 e6 9. O-O-O Be7 10. Qd3 Qa5 11. Bd2 Qc7 12. Nd4 a6 13. h4 O-O 14. h5 b5 15.
f3 b4 16. Nxc6 Qxc6 17. Ne2 a5 18. Nd4 Qb7 19. g4 Rfd8 20. g5 Nd7 21. g6 Ne5 22.
gxf7+ Kxf7 23. Qb3 d5 24. f4 Nc4 25. Rhg1 Rac8 26. Qh3 Qb6 27. Nxe6 Qxe6 28.
Rxg7+ Kf6 29. e5+ Nxe5 30. fxe5+ Qxe5 31. Rxe7 Qxe7 32. Qh4+ Kf7 33. Rf1+ 1-0

[Event "European Blitz 2016"]
[Site "Tallinn EST"]
[Date "2016.12.17"]
[Round "1.25"]
[White "Kobalia, Mikhail"]
[Black "Bekasovs, Rihards"]
[Result "1-0"]
[WhiteTitle "GM"]
[WhiteElo "2628"]
[BlackElo "1969"]
[WhiteFideId "4119150"]
[BlackFideId "11606029"]
[EventDate "2016.12.17"]

1. e4 e6 2. d3 d5 3. Nd2 Nf6 4. Ngf3 dxe4 5. dxe4 c5 6. e5 Nd5 7. Ne4 Nc6 8. a3
Be7 9. c4 Nb6 10. Qxd8+ Kxd8 11. Bf4 Kc7 12. O-O-O Bd7 13. Nd6 Rhf8 14. Nb5+ Kc8
15. Be2 a6 16. Nd6+ Kc7 17. Rd2 Rad8 18. Rhd1 h6 19. h4 Bc8 20. b3 Bd7 21. h5
Nc8 22. Nxb7 Kxb7 23. Rxd7+ Rxd7 24. Rxd7+ Kb8 25. Bd1 Rd8 26. Rxd8 Nxd8 27. Bc2
Nc6 28. Be4 Kc7 29. Kc2 Nb6 30. Bxc6 Kxc6 31. Kd3 Nd7 32. g4 f6 33. Ke4 Nb8 34.
exf6 1-0

[Event "European Blitz 2016"]
[Site "Tallinn EST"]
[Date "2016.12.17"]
[Round "1.26"]
[White "Narva, Triin"]
[Black "Pavlidis, Antonios"]
[Result "0-1"]
[WhiteTitle "WFM"]
[BlackTitle "GM"]
[WhiteElo "2110"]
[BlackElo "2532"]
[WhiteFideId "4502680"]
[BlackFideId "4212312"]
[EventDate "2016.12.17"]

1. e4 c5 2. Nf3 Nc6 3. Bb5 Nf6 4. Nc3 Qc7 5. O-O a6 6. Bxc6 dxc6 7. h3 e5 8. d3
h6 9. Be3 Be6 10. Ne2 O-O-O 11. Qd2 Nxe4 12. Qc1 Nf6 13. Rd1 g5 14. Nd2 Be7 15.
Ng3 Nd5 16. Nb3 g4 17. h4 b6 18. h5 f5 19. Bd2 Nf4 20. Re1 Bg5 21. a4 Bxb3 22.
cxb3 Nxd3 0-1

[Event "European Blitz 2016"]
[Site "Tallinn EST"]
[Date "2016.12.17"]
[Round "1.28"]
[White "Shirshov, Nikolay"]
[Black "Zakhartsov, Vladimir"]
[Result "0-1"]
[BlackTitle "IM"]
[WhiteElo "1991"]
[BlackElo "2453"]
[WhiteFideId "34126454"]
[BlackFideId "4145097"]
[EventDate "2016.12.17"]

1. Nf3 c5 2. c4 g6 3. d4 cxd4 4. Nxd4 Bg7 5. Nc3 Nc6 6. Nc2 Nf6 7. e4 d6 8. Be2
O-O 9. Be3 Nd7 10. Qd2 Nc5 11. f3 Be6 12. O-O Rc8 13. Rac1 Qa5 14. Rfd1 Bxc3 15.
Qxc3 Qxc3 16. bxc3 Na5 17. Nb4 Bxc4 18. Bxc4 Nxc4 19. Bf2 Rfe8 20. Nd5 b5 21.
Rb1 a6 22. Bd4 f6 23. Kf2 Kf7 24. Nb4 Na4 25. Nxa6 e5 26. Be3 Nxc3 27. Rdc1 Nxb1
28. Rxb1 Nxe3 29. Kxe3 Rc3+ 30. Kd2 Ra3 31. Nb4 Rc8 32. Rb2 Ke6 33. Nd5 Rc5 34.
Ke2 f5 35. Kd2 fxe4 36. fxe4 Ra4 37. Nc3 Rd4+ 38. Kc2 Rdc4 39. Rb3 b4 0-1

[Event "European Blitz 2016"]
[Site "Tallinn EST"]
[Date "2016.12.17"]
[Round "1.29"]
[White "Fridman, Daniel"]
[Black "Bettazzi, Daniele"]
[Result "1-0"]
[WhiteTitle "GM"]
[WhiteElo "2596"]
[BlackElo "1890"]
[WhiteFideId "11600454"]
[BlackFideId "886815"]
[EventDate "2016.12.17"]

1. Nf3 g6 2. d4 Bg7 3. c4 c5 4. e4 cxd4 5. Nxd4 Nc6 6. Be3 Nf6 7. Nc3 O-O 8. Be2
b6 9. O-O Bb7 10. f3 Rc8 11. Rc1 d6 12. Qd2 Nd7 13. Nxc6 Bxc6 14. b4 Bb7 15.
Rfd1 Ne5 16. Nb5 a6 17. Nd4 Qd7 18. Nb3 b5 19. c5 Rfd8 20. Na5 Ba8 21. cxd6 Rxc1
22. Rxc1 exd6 23. Bb6 Rc8 24. Rxc8+ Qxc8 25. Qxd6 Nc4 26. Nxc4 bxc4 27. Qd8+
Qxd8 28. Bxd8 c3 29. Bg5 c2 30. Bc1 Bb7 31. Bd3 Bc3 32. a3 Kf8 33. Bxc2 Ke7 34.
Bd3 Kd6 35. Kf1 a5 36. bxa5 Bxa5 37. Ke2 Kc5 38. Be3+ Kd6 39. Bd4 Bc6 40. g4 Ba4
41. g5 Bd8 42. h4 Ke6 43. Bc4+ Ke7 44. Bf6+ Ke8 45. Bxd8 Kxd8 46. Bxf7 Ke7 47.
Bg8 Kf8 48. Bd5 Bd7 49. Ke3 Ke7 50. f4 Bb5 51. Kd4 Kd6 52. Bg8 1-0

[Event "European Blitz 2016"]
[Site "Tallinn EST"]
[Date "2016.12.17"]
[Round "1.30"]
[White "Zavgorodniaya, Alena"]
[Black "Turov, Maxim"]
[Result "0-1"]
[BlackTitle "GM"]
[WhiteElo "2032"]
[BlackElo "2594"]
[WhiteFideId "4169956"]
[BlackFideId "4120086"]
[EventDate "2016.12.17"]

1. e4 c5 2. Nf3 a6 3. c3 e6 4. d4 d5 5. e5 Bd7 6. Bd3 Qb6 7. O-O cxd4 8. cxd4
Nc6 9. Be2 Nge7 10. Nbd2 Nxd4 11. Nxd4 Qxd4 12. Qb3 Qxe5 13. Bd3 Nc6 14. Nf3 Qc7
15. Be3 Be7 16. Qc2 h6 17. a3 Rc8 18. Rac1 Qb8 19. Qd2 Bd6 20. Rfe1 Ne7 21. g3
Rxc1 22. Rxc1 e5 23. Nh4 d4 0-1

[Event "European Blitz 2016"]
[Site "Tallinn EST"]
[Date "2016.12.17"]
[Round "1.31"]
[White "Jankovic, Alojzije"]
[Black "Vahtra, Tuuli"]
[Result "1-0"]
[WhiteTitle "GM"]
[BlackTitle "WFM"]
[WhiteElo "2591"]
[BlackElo "2020"]
[WhiteFideId "14505959"]
[BlackFideId "4502060"]
[EventDate "2016.12.17"]

1. d4 e6 2. c4 d5 3. Nc3 c6 4. Nf3 dxc4 5. a4 Bb4 6. g3 b5 7. Bg2 Bb7 8. O-O a6
9. Ne5 Bxc3 10. bxc3 Ne7 11. Ba3 O-O 12. Qc2 f6 13. Nf3 Re8 14. e4 Ng6 15. h4
Nd7 16. h5 Ngf8 17. e5 f5 18. Qc1 Rc8 19. Ng5 c5 20. Bxb7 Rc7 21. Bxa6 1-0

[Event "European Blitz 2016"]
[Site "Tallinn EST"]
[Date "2016.12.17"]
[Round "2.1"]
[White "Zaksaite, Salomeja"]
[Black "Mamedov, Rauf"]
[Result "0-1"]
[WhiteTitle "WIM"]
[BlackTitle "GM"]
[WhiteElo "2274"]
[BlackElo "2688"]
[WhiteFideId "12801496"]
[BlackFideId "13401653"]
[EventDate "2016.12.17"]

1. e4 g6 2. d4 Bg7 3. Nc3 d6 4. Nf3 Nf6 5. Be2 O-O 6. O-O Nc6 7. h3 e5 8. dxe5
dxe5 9. Bg5 Be6 10. Qxd8 Rfxd8 11. Rad1 h6 12. Be3 a6 13. Rxd8+ Rxd8 14. Rd1
Rxd1+ 15. Bxd1 Bf8 16. a3 g5 17. Kf1 Ne8 18. Nd5 f5 19. c4 f4 20. Bd2 Nd8 21.
Ba5 Bd6 22. c5 Bxc5 23. Nxc7 Bc4+ 24. Ke1 b6 25. Nxe8 bxa5 26. Nxe5 Ba2 27. Nf6+
Kg7 28. Nfd7 Bd4 29. b3 Nb7 30. Nc4 a4 31. Nd2 Kf7 32. Nb8 Bc3 33. bxa4 Na5 34.
Ke2 Nc4 35. Bb3 Bxb3 36. Nxb3 Nb2 37. Nxa6 Nxa4 38. Nac5 Nb2 39. a4 Ke7 40. a5
Be5 41. a6 Bb8 42. f3 Ba7 43. Kd2 Nc4+ 44. Kc3 Ne3 45. Kb4 Nxg2 46. Nd4 Ke8 47.
Nc6 Bb6 48. a7 Bxa7 49. Nxa7 Ne1 50. Nb5 Nxf3 51. Nd6+ Kf8 52. Nf5 Ne5 53. Nxh6
f3 54. Ng4 Nxg4 55. Nd3 f2 56. Nxf2 Nxf2 57. Kc3 Nxh3 58. Kd3 Ke7 59. Ke3 Kf6
60. Kf3 Nf4 61. Kg4 Ne6 62. Kf3 Ke5 0-1